People In Wikipedia Suggestions - Statistics

General Stats
  • This quiz has been taken 41 times
  • The average score is 53 of 91
Answer Stats
Letter Answer Description % Correct
A Adolf Hitler Leader of Germany from 1934-1945
92%
E Elizabeth I Queen regnant of England and Ireland from 17 November 1558 until 24 March 1603
92%
E Elizabeth II Queen of the United Kingdom and the other Commonwealth realms since 1952
92%
Q Queen Elizabeth The Queen Mother Queen consort of King George VI, mother of Queen Elizabeth II
92%
D Donald Trump 45th president of the United States
89%
E Elton John English rock singer-songwriter, composer and pianist
89%
J Jesus Central figure of Christianity
89%
B Barack Obama 44th president of the United States
87%
D Diana, Princess of Wales Princess of Wales
84%
E Elon Musk South African-born American entrepreneur
84%
G George Washington 1st president of the United States
84%
G George W. Bush 43rd president of the United States
84%
K Kim Jong-un Supreme Leader of North Korea
84%
E Eminem American rapper, record producer, and actor from Michigan
79%
H Henry VIII 16th-century King of England
79%
J Joseph Stalin Leader of the Soviet Union from 1924 to 1953
79%
M Mahatma Gandhi Pre-eminent leader of Indian nationalism during British-ruled India
79%
O Osama bin Laden Saudi Arabian terrorist and co-founder of al-Qaeda
79%
B Bruce Lee Chinese-American actor, martial artist
76%
D Dwayne Johnson American actor and professional wrestler
76%
J Jay-Z American rapper, songwriter, producer, entrepreneur, record executive and investor from New York
76%
J John Lennon English singer/songwriter (1940-1980), founding member of the Beatles
76%
V Vladimir Putin President of Russia from 2000 to 2008 and since 2012
76%
A Abraham Lincoln 16th president of the United States
74%
F Franklin D. Roosevelt 32nd president of the United States
74%
J Joe Biden Former U.S. vice president, presumptive 2020 Democratic presidential nominee
74%
Z Zeus Greek god of the sky and king of the gods
74%
D Darth Vader fictional character in the Star Wars franchise
71%
E Edward VIII King of the United Kingdom and its dominions in 1936
71%
H Hillary Clinton 67th U.S. Secretary of State, former New York senator and First Lady
71%
T Theodore Roosevelt 26th president of the United States
71%
G Genghis Khan Founder and first Great Khan of the Mongol Empire
68%
K Kanye West American rapper, singer, songwriter, record producer, and fashion designer from Illinois
68%
L Lionel Messi Argentine footballer
68%
M Martin Luther King Jr. American activist and leader in the civil rights movement
68%
O Oprah Winfrey American talk show host, actress, producer, businesswoman, philanthropist
68%
R Ronald Reagan 40th president of the United States
68%
W Winston Churchill Prime Minister of the United Kingdom (1940-1945; 1951-1955)
68%
N Napoleon 19th century French military leader, strategist, and politician
66%
R Robert E. Lee Confederate States Army commander
66%
A Andrew Jackson 7th president of the United States
63%
L Lyndon B. Johnson 36th president of the United States from 1963 to 1969
63%
M Muhammad Ali American boxer, philanthropist and activist
63%
Q Quentin Tarantino American film director, screenwriter, producer, and actor
63%
V Vladimir Lenin Russian politician, communist theorist, and founder of the Soviet Union
63%
W William Shakespeare English poet, playwright and actor
63%
B Beyoncé American singer, songwriter, producer, and actress
61%
J Jimmy Carter 39th president of the United States
61%
J John F. Kennedy 35th president of the United States
61%
K Kobe Bryant American basketball player
61%
D Dwight D. Eisenhower American army general and 34th president of the United States (1890-1969)
58%
G Gautama Buddha Founder of Buddhism
58%
G Gerald Ford 38th president of the United States
58%
J Justin Bieber Canadian singer, songwriter, and actor
58%
L Ludwig van Beethoven 18th and 19th-century German classical and romantic composer
58%
O O. J. Simpson Retired American football player, broadcaster, actor, advertising spokesman, and convicted felon
58%
Q Queen Victoria Queen of the United Kingdom of Great Britain and Ireland
58%
R Richard Nixon 37th president of the United States
58%
Q Qin Shi Huang First emperor of the Qin Dynasty
55%
U Ulysses S. Grant 18th president of the United States
55%
W Woodrow Wilson 28th president of the United States
55%
X Xi Jinping General Secretary of the Communist Party of China and paramount leader of China
55%
H Harry S. Truman 33rd president of the United States
53%
J Jeffrey Dahmer American serial killer and cannibal
53%
M Michael Jackson American singer, songwriter, and dancer
53%
M Michael Jordan American basketball player and businessman
53%
K Kim Kardashian American television and social media personality
50%
V Vince Carter American basketball player
50%
K Krishna Major deity in Hinduism
47%
N Novak Djokovic Serbian tennis player
47%
O Ozzy Osbourne English heavy metal vocalist and songwriter
47%
M Malcolm X American human rights activist and Muslim minister
45%
Z Zachary Taylor 12th president of the United States
42%
G George Soros Hungarian-American billionaire investor and philanthropist
39%
E Elvis Presley American singer and actor
34%
Z Zinedine Zidane French association football manager and formet player
34%
Z Zlatan Ibrahimović Swedish association football player
34%
D David Bowie British musician, actor, record producer and arranger
29%
F Freddie Mercury British singer, songwriter and record producer
29%
K Katy Perry American singer, songwriter, and television judge
29%
J Jennifer Lopez American actress, singer, dancer, and producer
26%
L Lady Gaga American singer, songwriter, and actress
26%
X XXXTentacion American rapper, singer, and songwriter from Florida
26%
Y Yoko Ono Japanese artist, author, and peace activist
26%
Z Zac Efron American actor and singer
13%
J John Bolton 27th United States National Security Advisor, lawyer, and diplomat
11%
K Kane American professional wrestler, actor, author, businessman, and politician
8%
T The Undertaker American professional wrestler
5%
Z Zayn Malik English singer and songwriter
5%
W Will Ferrell American actor, comedian, producer, writer and businessman
3%
K Kurt Cobain American singer, composer, and musician
0%
No matching quizzes found
Score Distribution
Percent of People with Each Score
Percentile by Number Answered
Your Score History
You have not taken this quiz